Top 5 Biggest States In US - Statistics

General Stats
  • This quiz has been taken 15 times
  • The average score is 4 of 5
Answer Stats
Hint Answer % Correct
665,384 mi² Alaska
100%
268,596 mi² Texas
91%
163,696 mi² California
82%
147,040 mi² Montana
55%
121,590 mi² New Mexico
36%
No matching quizzes found
Score Distribution
Percent of People with Each Score
Percentile by Number Answered
Your Score History
You have not taken this quiz